| 000 | 00979nam a2200265Ia 4500 | ||
|---|---|---|---|
| 003 | OSt | ||
| 005 | 20221005110708.0 | ||
| 006 | a|||||r|||| 00| 0 | ||
| 007 | ta | ||
| 008 | 221004b |||||||| |||| 00| 0 hin d | ||
| 020 |
_a8126708395 (hbk) _c125 |
||
| 024 | _a11305 | ||
| 037 |
_b8178, 20/03/2014, Rajkamal Prakashan Pvt. Ltd. _cTextual |
||
| 040 |
_aCRL _cCRL _bhin |
||
| 041 |
_2hin _ahin |
||
| 082 | _aO152,3N143,EV, L5;P4 | ||
| 100 | _aकृशन चन्दर | ||
| 245 | 0 | _aएक वायलिन समंदर के किनारे | |
| 246 | _aEk vāyalin samandar ke kināre | ||
| 260 |
_aनई दिल्ली _bराजकमल प्रकाशन भारत _c2004 |
||
| 300 |
_a164पृ0 _ccm. |
||
| 650 | _aहिन्दी साहित्य | ||
| 942 |
_hO152,3N143,EV, L5;P4 _cTEXL _2cc |
||
| 999 |
_c1019609 _d1019609 |
||